000 00525nam a2200217Ia 4500
003 OSt
005 20220916111003.0
006 a|||||r|||| 00| 0
007 ta
008 220915b |||||||| |||| 00| 0 eng d
024 _a75979
037 _cTextbook
040 _beng
_aARTS
_cARTS
041 _aeng
082 _aR3xM75w, H7
100 _aGollomb J
245 0 _aAlbert Schweitzer: Genius in the jungle
260 _c1947
942 _hR3xM75w, H7
_cTB
_2CC
999 _c102783
_d102783